00694nam a2200193 a 450000100100000000500170001000800410002702000150006804000250008308200080010810000360011624500560015226000430020830000240025149000380027550000730031350000760038683000380046200004271820201002040338.0140206s1980 sp 000 0 spa d a8420617407 aDO-SdBNPbspacBNPHU axxx1 aMariás, Julián,d1914-2005.10aBiografía de la filosofía /cJulián Marías. aMadrid :bEl libro de bolsillo,c1980. ax, 270 p. ;c18 cm.1 aEl libro de bolsilloahumanidades aIncluye referencias bibliográficas y notas al pie de las páginas aIncluye datos biográficos del autor en la solapa de la contracubierta 0aEl libro de bolsillophumanidades